| 000 | 00465nam a2200169 4500 | ||
|---|---|---|---|
| 001 | VA15155 | ||
| 003 | ES-SlBCS | ||
| 005 | 20210601154503.0 | ||
| 008 | 140520s1968 xxu||||| |||| 00| 0 spa d | ||
| 041 | _aspa | ||
| 100 | 1 |
_aLópez Riocerezo, José María _928516 |
|
| 245 | 1 | 0 |
_aIntenta dominar tu corazón _cJosé María López Riocerezo |
| 260 |
_aMadrid : _bStudium _c, 1968 |
||
| 300 |
_a112 p.; _c18 cm |
||
| 650 |
_aEducación Afectiva _9139829 |
||
| 942 | _cBK | ||
| 999 |
_c805412 _d805412 |
||